Confessio proairetikē Adversus Librum Conciliationis, Sev Interreligionis, Cui autores ineptè titulum Interim fecerunt, scripta eo ipso anno, quo Sphynx illa Augustana in lucem prodijt: & exhibita Illustrissimis Saxoniae Ducibus, fratribus, Ioannni Friderico II. Ioanni VVilhelmo, [et] Iohanni Friderico III. &c.

Bibliographic Details
Main Author: Strigel, Victorinus, 1524-1569 (Author, Dedicator)
Format: Book
Language:Latin
PhysicalDescription:A8, A8 - Z8, a8 - l8 [=280] listov 8° 17 cm
Published: [Bez miesta] [bez tlačiara] Anno M. D. LXXXVIII. [=1588]
Subjects:

MARC

LEADER 00000nam a2200000 a 4500
001 vtls011702423
003 SK-MaSNL
005 20260301094156.0
008 251112s1588 xx f 001 0 lat
015 |a SNKHFA 
035 |a DD4D9C14-EFF6-4BC8-8128-4A4E8C664B99 
035 |a urn:nbn:sk:snk-am3ha5q 
035 |a urn:nbn:sk:snk-am00cr5u 
040 |a SNKHF  |b slo  |c SNK  |e AACR2 
041 |a lat 
044 |a xx  |c XX 
072 7 |a 271/279  |x Kresťanské cirkvi, sekty, denominácie  |2 konspekt 
080 |a 274.5  |2 2011 
080 |a 272/279  |2 2011 
080 |a 2-528  |2 2011 
100 1 |a Strigel, Victorinus,  |d 1524-1569  |4 aut  |4 dto  |9 54782 
245 1 0 |a Confessio proairetikē Adversus Librum Conciliationis, Sev Interreligionis, Cui autores ineptè titulum Interim fecerunt, scripta eo ipso anno, quo Sphynx illa Augustana in lucem prodijt: & exhibita Illustrissimis Saxoniae Ducibus, fratribus, Ioannni Friderico II. Ioanni VVilhelmo, [et] Iohanni Friderico III. &c.  |c à D. Victorino Strigelio 
260 |a [Bez miesta]  |b [bez tlačiara]  |c Anno M. D. LXXXVIII. [=1588] 
300 |a A8, A8 - Z8, a8 - l8 [=280] listov  |c 8°  |c 17 cm 
500 |a Vinety, vlys, iniciálky s ornamentálnym pozadím vo voľnom priestore na 3 a 5 riadkov 
504 |a Kustody 
508 |a Ded.: Johann Friedrich II. - knieža saský; Johann Friedrich III. - knieža saský, Johann Wilhelm - knieža saský 
510 4 |a VD 16 S/9588 
546 |a Latinčina  |b Fraktúra  |b Kurzíva 
561 |a Z knižnice františkánov v Kremnici.  |5 SNK ID 99626 
563 |a Väzba: pôvodná, bledá koža s ornamentálnou slepotlačou, kombinovaná s čiernou kožou, zachovaná polovica väzby.  |5 SNK ID 99626 
650 0 7 |a luteránstvo  |2 SNKPH  |9 69032 
650 0 7 |a kresťanské cirkvi  |2 SNKPH  |9 1923 
650 0 7 |a liturgia  |2 SNKPH  |9 1990 
700 0 |a Johann Friedrich  |b II.,  |c saské knieža,  |d 1529-1595  |4 hnr  |9 128491 
700 0 |a Johann Friedrich  |b III.,  |c saské knieža,  |d 1538-1565  |4 hnr  |9 128492 
700 0 |a Johann Wilhelm  |b I.,  |c sasko-weimarské knieža,  |d 1530-1573  |4 hnr  |9 199218 
710 2 |a Františkáni (Kremnica, Slovensko)  |4 fmo  |9 162717 
852 |a snk  |b Františkáni Kremnica  |p ID 99626 
958 |a ONDV 
958 |a DA 
999 |c 679486  |d 681416 
952 |t Fr Kr 1566  |a SNK  |b SNK  |c SNK_HF  |y PREZ  |7 0  |p 17A1256554  |o snkID 99626  |i snk2017/16342  |8 5  |0 0  |1 0  |4 0  |d 2017-07-13  |f 1  |l 0  |r 2026-02-23 19:52:54  |w 2026-02-23